| 000 | 00556nam a2200193 a 4500 | ||
|---|---|---|---|
| 005 | 20240611063642.0 | ||
| 008 | 991125s1978 mad 000 0 spa u | ||
| 020 | _a8436210670 | ||
| 035 | _aUPN01000008713 | ||
| 049 | _aCG | ||
| 050 | 4 |
_aPQ6172 _bC6.5 |
|
| 245 | 0 | 0 |
_aComentarios de textos / _ccomp. Francisca Rubio. |
| 260 |
_aMadrid : _bUNED, _c1978 |
||
| 300 | _a97 p. | ||
| 500 | _a"Ministerio de Educación y Ciencia" | ||
| 650 | 4 |
_aLiteratura espaƱola (Selecciones, Extractos, etc.) _913828 |
|
| 700 | 1 |
_aRubio, Francisca, _ecomp. |
|
| 905 | _aLibro | ||
| 999 |
_c8713 _d8713 |
||